000 00534nam a22001937a 4500
003 3228
005 20250709144727.0
008 250709b sa ||||| |||| 00| 0 eng d
020 _a9781781213575
_qhardback
040 _bEnglish
_c3228
_erda
041 _aEnglish
082 _a570 JOHN
100 _aJohnson, Rose
_9195059
245 _a Life science /
260 _aBrown Bear,
_bLondon,
_c2016
300 _a48 pages :
_bcolor illustrations ;
_c25 cm
500 _a"Ideas that changed the world"--Cover
942 _2ddc
_cBOOK
_w5815
_xPontsho Maoko
_y5815
_zPontsho Maoko
999 _c779487
_d779486